=LDR 00000nam 2200000 4500 =001 000211 =005 20250710111520 =035 ##$$a 0010-0725000015 =245 1#$$a Raja Ingin Apa? /$c Hello English =100 #$$a Hello English =250 ##$$a Cetakan Pertama =300 ##$$a 14 hlm. : $b Ilus. ; $c 29 cm. =856 ##$$a TBM AS SUHADA =260 ##$$a Rawamangun :$b Hello English,$c 2022 =082 ##$$a 398.209 598 =084 ##$$a 398.209 598 RAJ r =020 ##$$a 978-623-307-307-303-5 =650 #4$$a Cerita Anak Indonesia - Terjemahan =650 #4$$a Literasi - Bahan bacaan =008 250710###########################0###### =990 ##$$a TBM202500007 =990 ##$$a TBM202500008 =990 ##$$a TBM202500009 =990 ##$$a TBM202500010 =990 ##$$a TBM202500011 =990 ##$$a TBM202500012 =990 ##$$a TBM202500013 =990 ##$$a TBM202500014 =990 ##$$a TBM202500015 =990 ##$$a TBM202500016 =990 ##$$a TBM202500017 =990 ##$$a TBM202500018 =990 ##$$a TBM202500019 =990 ##$$a TBM202500020